Top 30 Active Passing Yard Leaders - Statistics

General Stats
  • This quiz has been taken 17 times
  • The average score is 24 of 30
Answer Stats
Yards Team QB % Correct
59,055 NYJ Aaron Rodgers
100%
12,512 NYG Daniel Jones
100%
22,703 BUF Josh Allen
100%
39,471 ATL Kirk Cousins
100%
15,887 BAL Lamar Jackson
100%
56,047 LAR Matthew Stafford
100%
28,424 KAN Patrick Mahomes
100%
29,459 DAL Dak Prescott
94%
16,756 CLE Deshaun Watson
94%
43,653 PIT Russell Wilson
94%
14,823 SEA Geno Smith
88%
30,429 DET Jared Goff
88%
17,223 LAC Justin Herbert
88%
15,647 ARI Kyler Murray
88%
20,332 TBB Baker Mayfield
82%
11,764 PHI Jalen Hurts
82%
14,083 CIN Joe Burrow
82%
12,639 MIA Tua Tagovailoa
82%
38,511 CAR Andy Dalton
76%
39,100 NOS Derek Carr
76%
22,104 CLE Jameis Winston
76%
43,936 IND Joe Flacco
76%
11,770 JAX Trevor Lawrence
76%
22,292 KAN Carson Wentz
71%
12,064 MIN Sam Darnold
59%
12,135 NYJ Tyrod Taylor
59%
15,820 WAS Marcus Mariota
47%
12,536 BUF Mitchell Trubisky
47%
15,175 HOU Case Keenum
29%
15,494 LAR Jimmy Garoppolo
29%
No matching quizzes found
Score Distribution
Percent of People with Each Score
Percentile by Number Answered
Your Score History
You have not taken this quiz